Afghanistan A-Z - Statistics

General Stats
  • This quiz has been taken 881 times
  • The average score is 13 of 25
Answer Stats
Hint Answer % Correct
I Dominant religion Islam
93%
K Capital city Kabul
93%
T Terrorist group currentlyruling Afghanistan Taliban
91%
U Bordering country to the north Uzbekistan
89%
C Most popular sport Cricket
87%
L National animal: Snow ________ Leopard
87%
E Nickname of Afghanistan: "Graveyard of _______" Empires
82%
R Most widely eaten crop Rice
81%
S Invading country of 1979 Soviet Union
79%
O Most produced crop Opium poppy
71%
P Dominant ethnic group Pashtuns
63%
A Currency Afghani
55%
D Variety of Persian spoken in Afghanistan Dari
51%
Y Dwelling of Turkic people Yurt
50%
H Main mountain range Hindu Kush
42%
J Major city connected to Peshawarthrough the Khyber Pass Jalalabad
33%
M Former I-based resistance group Mujahideen
32%
B Site where the statues of Buddha were destroyed Bamyan
27%
G Afghan President, 2014-2021 Ghani
22%
Q Direction towards which the followers of I pray Qibla
21%
V Kerngal, Panj, W, etc. Valleys
18%
W Narrow strip of land: _______ Corridor Wakhan
17%
F Western province Farah
12%
Z Last king Zahir Shah
11%
N Band-e Amir is the first what? National Park
7%
No matching quizzes found
Score Distribution
Percent of People with Each Score
Percentile by Number Answered
Your Score History
You have not taken this quiz